000 00585nam a2200181 4500
001 139302
003 ES-MaACL
007 t|
008 070214s1974 ag r ||||1| spa d
100 1 _aScott, Marvin B.
_9104951
245 1 3 _aLa rebelión de los estudiantes /
_cMarvin B. Scott, Stanford M. Lyman ; versión castellana de María Eugenia Fischman.
250 _a1ª ed.
260 _aBuenos Aires :
_bPaidós,
_c1974.
300 _a243 p. ;
_c18 cm.
700 1 _aLyman, Stanford M.
_974930
700 1 _aFischman, María Eugenia.
_951017
852 _aES-MaACL
_jE-6155
_bR.90400
999 _c139302
_d139302